[Event "Dortmund Sparkassen Chess Meeting"]
[Site "Dortmund GER"]
[Date "2014.07.18"]
[EventDate "2014.07.12"]
[Round "5"]
[Result "1-0"]
[White "Peter Leko"]
[Black "Arkadij Naiditsch"]
[WhiteElo "2737"]
[BlackElo "2705"]
[PlyCount "99"]

1. d4 Nf6 2. c4 e6 3. Nc3 d5 4. cxd5 exd5 5. Bg5 c6 6. Qc2 Be7
7. e3 Nbd7 8. Bd3 Nh5 9. Bxe7 Qxe7 10. Nge2 Nhf6 11. O-O Nb6
12. Rae1 O-O 13. Nf4 Bd7 14. g3 Qd6 15. f3 Rfc8 16. g4 g6
17. a3 c5 18. Qd2 cxd4 19. exd4 Bc6 20. g5 Nfd7 21. Re2 Re8
22. Rfe1 Rxe2 23. Rxe2 Nf8 24. h4 Re8 25. Rxe8 Bxe8 26. Qe3
Bc6 27. Kg2 f6 28. gxf6 Qxf6 29. Kg3 Kf7 30. Nd1 Nbd7 31. Nf2
g5 32. hxg5 Qxg5+ 33. Kh2 Qe7 34. Ng4 Qxe3 35. Nxe3 Nf6
36. Kg3 N8d7 37. Kh4 Nb6 38. Kg5 Nc8 39. Ng4 Nxg4 40. fxg4 Nd6
41. Bxh7 Nb5 42. Ne2 Kg7 43. Bd3 Nd6 44. Kf4 Bd7 45. Nc3 Bc6
46. Nd1 Nf7 47. Ne3 Nd8 48. Bf5 Nf7 49. Be6 Nd6 50. Ke5 1-0

[Event "Dortmund Sparkassen Chess Meeting"]
[Site "Dortmund GER"]
[Date "2014.07.19"]
[EventDate "2014.07.12"]
[Round "6.3"]
[Result "1-0"]
[White "Arkadij Naiditsch"]
[Black "Ruslan Ponomariov"]
[WhiteElo "2705"]
[BlackElo "2723"]
[PlyCount "97"]

1. e4 e5 2. Nf3 Nc6 3. Bb5 a6 4. Ba4 Nf6 5. O-O Be7 6. Re1 b5
7. Bb3 O-O 8. c3 d6 9. h3 Nb8 10. d4 Nbd7 11. Nbd2 Bb7 12. Bc2
Re8 13. a4 Bf8 14. Bd3 c6 15. Qc2 Qc7 16. b3 g6 17. Bb2 Rac8
18. Rad1 Nh5 19. Qb1 bxa4 20. bxa4 exd4 21. cxd4 d5 22. Rc1
Nf4 23. Bf1 Qb8 24. g3 Ne6 25. h4 Bg7 26. Bh3 c5 27. dxc5 Bxb2
28. Qxb2 Ndxc5 29. Ne5 Red8 30. Bxe6 Nxe6 31. Rxc8 Qxc8
32. Rc1 Qa8 33. exd5 Bxd5 34. Ng4 Bh1 35. Nf6+ Kf8 36. Nxh7+
Kg8 37. Nf6+ Kf8 38. f3 Bxf3 39. Qa3+ Kg7 40. Nxf3 Kxf6
41. Qb2+ Ke7 42. Ne5 Nd4 43. Rf1 f5 44. Re1 Qd5 45. Qb6 Rd6
46. Qc7+ Kf8 47. Nxg6+ Rxg6 48. Qe7+ Kg8 49. Qe8+ 1-0

[Event "Dortmund Sparkassen Chess Meeting"]
[Site "Dortmund GER"]
[Date "2014.07.20"]
[EventDate "2014.07.12"]
[Round "7"]
[Result "1-0"]
[White "Georg Meier"]
[Black "Arkadij Naiditsch"]
[WhiteElo "2632"]
[BlackElo "2705"]
[PlyCount "129"]

1. Nf3 Nf6 2. c4 g6 3. Nc3 Bg7 4. e4 d6 5. d4 O-O 6. Be2 e5
7. O-O Nc6 8. d5 Ne7 9. Ne1 Nd7 10. Nd3 f5 11. f3 f4 12. Bd2
h5 13. Rc1 g5 14. c5 dxc5 15. b4 cxb4 16. Nb5 c6 17. d6 Nd5
18. Nxb4 Qb6+ 19. Kh1 Nxb4 20. Nc7 Rb8 21. Qb3+ Kh8 22. Bxb4
c5 23. Bc3 Qxb3 24. axb3 a6 25. g3 b5 26. Ne6 Re8 27. Nxg7
Kxg7 28. Rg1 Kh6 29. h4 g4 30. fxg4 Bb7 31. g5+ Kg6 32. Bf3
fxg3 33. Kg2 b4 34. Be1 a5 35. Kxg3 a4 36. bxa4 Ba6 37. Bg2 c4
38. Bh3 Nc5 39. Bf5+ Kg7 40. d7 Red8 41. Kf3 Nd3 42. Bg3 Rb7
43. Rgd1 Rbxd7 44. Bxd7 Rxd7 45. Ke3 Kg6 46. Be1 Rd4 47. Bxb4
Nxc1 48. Rxc1 Bb7 49. Be1 Rxe4+ 50. Kd2 Rd4+ 51. Kc3 Bd5
52. a5 Rd3+ 53. Kb4 e4 54. a6 e3 55. a7 Ba8 56. Ra1 e2 57. Bc3
Rd1 58. Ra6+ Kf5 59. Rf6+ Ke4 60. Rf8 Rb1+ 61. Kxc4 Rc1
62. Re8+ Kf3 63. g6 Bc6 64. g7 Rg1 65. g8=Q 1-0

[Event "Reykjavik Open 2014"]
[Site "Reykjavik ISL"]
[Date "2014.03.04"]
[EventDate "2014.03.04"]
[Round "1.1"]
[Result "1-0"]
[White "Arkadij Naiditsch"]
[Black "Gudlaug Thorsteinsdottir"]
[WhiteElo "2706"]
[BlackElo "2056"]
[PlyCount "66"]

1. e4 c5 2. Nf3 e6 3. d4 cxd4 4. Nxd4 a6 5. Bd3 Qc7 6. O-O Nf6
7. Kh1 Nc6 8. Nxc6 dxc6 9. f4 h5 10. e5 Ng4 11. Nc3 Bd7 12. a4
a5 13. Ne4 Be7 14. Qe2 f5 15. Nd2 Bc5 16. Nc4 b5 17. Nd6+ Kf8
18. Bd2 Qb6 19. axb5 Bxd6 20. exd6 cxb5 21. Bxf5 Qxd6 22. Be4
Rc8 23. Bxa5 Bc6 24. Rad1 Qc5 25. Bxc6 Qxc6 26. Bc3 Rh6
27. Rd3 Kg8 28. h3 Nf6 29. Bxf6 Rxf6 30. Rc3 Qb7 31. Qxh5 Rxc3
32. bxc3 Qe4 33. Qxb5 Rxf4 1-0

[Event "Reykjavik Open"]
[Site "Reykjavik ISL"]
[Date "2014.03.05"]
[EventDate "2014.03.04"]
[Round "2.1"]
[Result "0-1"]
[White "Carl Fredrik Ekeberg"]
[Black "Arkadij Naiditsch"]
[WhiteElo "2303"]
[BlackElo "2706"]
[PlyCount "46"]

1. d4 Nf6 2. Nf3 e6 3. Bf4 b6 4. e3 Bb7 5. Nbd2 Be7 6. h3 O-O
7. Bd3 c5 8. c3 d5 9. Ne5 Ne4 10. Nxe4 dxe4 11. Be2 cxd4
12. Qxd4 Qc8 13. Nc4 Rd8 14. Nd6 Bxd6 15. Bxd6 Nc6 16. Qd2 Ne7
17. g4 Qc6 18. O-O-O Nc8 19. Ba3 Rxd2 20. Rxd2 Qc7 21. Rhd1
Bd5 22. Kb1 Ne7 23. c4 Bc6 0-1

[Event "Reykjavik Open"]
[Site "Reykjavik ISL"]
[Date "2014.03.06"]
[EventDate "2014.03.04"]
[Round "4.20"]
[Result "1-0"]
[White "Arkadij Naiditsch"]
[Black "Tibor Kende Antal"]
[WhiteElo "2706"]
[BlackElo "2325"]
[PlyCount "101"]

1. c4 e6 2. g3 Nf6 3. Bg2 d5 4. Nf3 dxc4 5. Qa4+ Nbd7 6. Qxc4
c5 7. Qb3 Bd6 8. Nc3 a6 9. d3 O-O 10. a4 Nb8 11. Nd2 Nc6
12. Bxc6 bxc6 13. Nc4 e5 14. Bg5 Be6 15. O-O Rb8 16. Qa2 Be7
17. Rfc1 Nd7 18. Bxe7 Qxe7 19. a5 f5 20. Qa4 Rb5 21. Rab1 Rc8
22. Qc2 Rb4 23. b3 Bxc4 24. bxc4 Qd8 25. Ra1 Rcb8 26. Ra2 Nf8
27. e3 Ne6 28. Qe2 Qd6 29. Rd2 Rb3 30. h4 g6 31. Kg2 Kg7
32. Qd1 R8b4 33. Ne2 Rb7 34. Ng1 f4 35. Nf3 fxe3 36. fxe3 Kg8
37. Qe2 Ra3 38. Rf1 Rbb3 39. Ne1 Rxa5 40. Qg4 Ra1 41. h5 Rb7
42. Rdf2 Kg7 43. hxg6 hxg6 44. Rf6 Nf4+ 45. R1xf4 Qxf6
46. Rxf6 Kxf6 47. Qf3+ Kg7 48. Qe2 Rab1 49. Kh3 R7b2 50. Qf1
Rd2 51. Kg4 1-0

[Event "Reykjavik Open"]
[Site "Reykjavik ISL"]
[Date "2014.03.08"]
[EventDate "2014.03.04"]
[Round "6.4"]
[Result "1-0"]
[White "Arkadij Naiditsch"]
[Black "Henrik Danielsen"]
[WhiteElo "2706"]
[BlackElo "2501"]
[PlyCount "87"]

1. e4 d5 2. exd5 Qxd5 3. Nc3 Qd8 4. d4 Nf6 5. Bc4 a6 6. a4 Nc6
7. Nge2 e5 8. d5 Nb4 9. Bg5 Bf5 10. Bb3 h6 11. Bxf6 Qxf6
12. Ng3 O-O-O 13. Nxf5 Qxf5 14. Qe2 Be7 15. O-O-O Rd7 16. Kb1
Rhd8 17. Rhe1 f6 18. f3 Kb8 19. g4 Qh7 20. Rd2 Nc6 21. Red1
Nd4 22. Rxd4 exd4 23. Rxd4 Bd6 24. Re4 f5 25. Re6 Rf8 26. Bc4
fxg4 27. fxg4 Rdd8 28. Ne4 Qg8 29. g5 hxg5 30. Nxg5 Qh8
31. Rg6 Qh4 32. Ne6 Rf2 33. Qd3 Rh8 34. Qb3 Qh3 35. Bd3 Rxh2
36. Rxg7 Qe3 37. Nxc7 Bxc7 38. d6 Rc8 39. dxc7+ Rxc7 40. Qg8+
Rc8 41. Qd5 Rc6 42. Be4 Rhh6 43. Qe5+ Ka8 44. Qe8+ 1-0

[Event "Reykjavik Open"]
[Site "Reykjavik ISL"]
[Date "2014.03.09"]
[EventDate "2014.03.04"]
[Round "7.2"]
[Result "0-1"]
[White "Robin van Kampen"]
[Black "Arkadij Naiditsch"]
[WhiteElo "2603"]
[BlackElo "2706"]
[PlyCount "96"]

1. e4 e5 2. Nf3 Nc6 3. Bb5 Nf6 4. O-O Nxe4 5. Re1 Nd6 6. Nxe5
Be7 7. Bf1 Nxe5 8. Rxe5 O-O 9. Nc3 Ne8 10. Nd5 Bd6 11. Re1 c6
12. Ne3 Bc7 13. Nf5 d5 14. Ne7+ Kh8 15. Nxc8 Rxc8 16. d3 Nf6
17. g3 Qd7 18. Qf3 Rce8 19. Bg5 Qd8 20. Bh3 Kg8 21. a3 h6
22. Bd2 Nh7 23. Qg4 Ng5 24. Bg2 f5 25. Qh5 Ne6 26. Bc3 Kh7
27. Bd2 f4 28. Qg4 Qf6 29. Bc3 Qf7 30. Bb4 h5 31. Qd1 c5
32. Rxe6 Rxe6 33. Bxc5 Rfe8 34. d4 Rf6 35. Qd3+ g6 36. Bb4 f3
37. Bh3 h4 38. Bd2 hxg3 39. hxg3 Bxg3 40. fxg3 Qc7 41. Bf4
Rxf4 42. gxf4 Qxf4 43. Bg2 fxg2 44. Qh3+ Kg8 45. Qxg2 Qxd4+
46. Kh1 Kg7 47. Qg3 Rh8+ 48. Kg2 Qe4+ 0-1

[Event "Reykjavik Open"]
[Site "Reykjavik ISL"]
[Date "2014.03.11"]
[EventDate "2014.03.04"]
[Round "9.2"]
[Result "0-1"]
[White "Arkadij Naiditsch"]
[Black "Eric Hansen"]
[WhiteElo "2706"]
[BlackElo "2587"]
[PlyCount "80"]

1. e4 c5 2. Nf3 e6 3. g3 Nc6 4. Bg2 Nf6 5. Qe2 e5 6. Na3 d6
7. c3 Be7 8. O-O O-O 9. d3 Re8 10. Nc4 Bf8 11. Ne3 h6 12. Nh4
g6 13. Kh1 Bg7 14. Bd2 Rb8 15. Rae1 b5 16. f4 exf4 17. gxf4 c4
18. e5 dxe5 19. Bxc6 Re6 20. Bg2 exf4 21. Rxf4 Nh5 22. Rg4
cxd3 23. Qf3 Bb7 24. Qh3 Qe8 25. Bxb7 Rxb7 26. Rgg1 Rbe7
27. Neg2 Qd7 28. Rxe6 Rxe6 29. Nf5 Qd5 30. Ne3 Qxa2 31. Qf3
Qxb2 32. Rd1 Nf6 33. Nf4 Re8 34. Qc6 Qb3 35. Rf1 Rf8 36. h4
Qa4 37. Nfg2 Ne4 38. Be1 d2 39. h5 dxe1=Q 40. Rxe1 Ng3+ 0-1

[Event "Reykjavik Open"]
[Site "Reykjavik ISL"]
[Date "2014.03.12"]
[EventDate "2014.03.04"]
[Round "10.5"]
[Result "1/2-1/2"]
[White "Dronavalli Harika"]
[Black "Arkadij Naiditsch"]
[WhiteElo "2487"]
[BlackElo "2706"]
[PlyCount "96"]

1. d4 Nf6 2. c4 e6 3. g3 Bb4+ 4. Bd2 Qe7 5. Nf3 Nc6 6. Bg2
Bxd2+ 7. Nbxd2 d6 8. O-O a5 9. e4 e5 10. d5 Nb8 11. Ne1 O-O
12. Nd3 Na6 13. a3 c6 14. dxc6 bxc6 15. b4 Bg4 16. Bf3 Bh3
17. Re1 Nd7 18. Nb3 axb4 19. axb4 c5 20. bxc5 dxc5 21. Bg4
Bxg4 22. Qxg4 Nc7 23. Rxa8 Rxa8 24. Ra1 Rb8 25. Qd1 Ne6
26. Nbc1 Qd6 27. Ne2 Nf6 28. f3 g5 29. Nf2 Qxd1+ 30. Rxd1 Rb2
31. Kf1 Nd4 32. Nxd4 exd4 33. Nd3 Rxh2 34. Kg1 Ra2 35. Nxc5
Nh5 36. g4 Nf4 37. Kf1 Ra3 38. Kf2 Ra2+ 39. Kf1 Nh3 40. Nd3
Rc2 41. c5 Kf8 42. c6 Ke7 43. c7 Kd7 44. Ne5+ Kxc7 45. Rxd4 f6
46. Rc4+ Rxc4 47. Nxc4 Nf4 48. e5 fxe5 1/2-1/2

[Event "FIDE World Rapid Championship"]
[Site "Dubai UAE"]
[Date "2014.06.16"]
[EventDate "2014.06.16"]
[Round "5.32"]
[Result "1-0"]
[White "Arkadij Naiditsch"]
[Black "Jha Sriram"]
[WhiteElo "2705"]
[BlackElo "2375"]
[PlyCount "113"]

1. e4 e5 2. Nf3 d6 3. d4 exd4 4. Qxd4 a6 5. Bf4 Nc6 6. Qe3 Nf6
7. Nc3 Nh5 8. Bg5 f6 9. Bh4 g5 10. Bg3 Be6 11. O-O-O Qe7
12. Nd4 Nxg3 13. hxg3 Bg7 14. Nxe6 Qxe6 15. Nd5 O-O-O 16. Bc4
Kb8 17. Bb3 Na5 18. Kb1 Nxb3 19. axb3 h6 20. Qc3 Rd7 21. Qd3
Rf8 22. Ne3 Re8 23. f3 d5 24. Nf5 Red8 25. Nxg7 Rxg7 26. exd5
Qe5 27. g4 Rgd7 28. c4 c6 29. Rhe1 Qg3 30. Re6 cxd5 31. c5 Rc7
32. b4 Qf4 33. Qd4 Qxd4 34. Rxd4 Rc6 35. Re7 Rc7 36. Re1 a5
37. bxa5 Rxc5 38. b4 Rc6 39. Kb2 b6 40. axb6 Rxb6 41. Kb3 Kc7
42. Rc1+ Rc6 43. Rcd1 Rcd6 44. b5 Kb6 45. Kb4 R8d7 46. Ra1 Kb7
47. Re1 Rc7 48. Red1 Rc2 49. Rxd5 Rxd5 50. Rxd5 Rxg2 51. Rd7+
Kb6 52. Rd6+ Kc7 53. Rxf6 Rb2+ 54. Kc5 Rc2+ 55. Kd5 Rb2
56. b6+ Kb7 57. Rxh6 1-0

[Event "FIDE World Blitz Championship"]
[Site "Dubai UAE"]
[Date "2014.06.19"]
[EventDate "2014.06.19"]
[Round "2.9"]
[Result "1/2-1/2"]
[White "Peter Svidler"]
[Black "Arkadij Naiditsch"]
[WhiteElo "2753"]
[BlackElo "2705"]
[PlyCount "69"]

1. Nf3 Nf6 2. g3 d5 3. Bg2 Bf5 4. c4 e6 5. cxd5 exd5 6. d3 c6
7. Qb3 Qb6 8. Qc2 Be7 9. O-O O-O 10. Nc3 Na6 11. e4 dxe4
12. dxe4 Bg6 13. Nh4 Nb4 14. Qe2 Bh5 15. Bf3 Bxf3 16. Qxf3 Nc2
17. Nf5 Rfe8 18. e5 Nxa1 19. Bg5 Nd5 20. Nxd5 cxd5 21. Nxe7+
Rxe7 22. Bxe7 Qxb2 23. Qxd5 Nc2 24. e6 fxe6 25. Qxe6+ Kh8
26. Qd5 Nd4 27. Kg2 Nc6 28. Bc5 Re8 29. Rd1 h6 30. Bd6 Re2
31. Qf5 Qxa2 32. Qc8+ Kh7 33. Qf5+ Kh8 34. Qc8+ Kh7 35. Qf5+
1/2-1/2

[Event "FIDE World Blitz Championship"]
[Site "Dubai UAE"]
[Date "2014.06.19"]
[EventDate "2014.06.19"]
[Round "6.18"]
[Result "1-0"]
[White "Etienne Bacrot"]
[Black "Arkadij Naiditsch"]
[WhiteElo "2720"]
[BlackElo "2705"]
[PlyCount "55"]

1. g3 d5 2. Nf3 c5 3. Bg2 Nc6 4. O-O e5 5. d3 f6 6. c4 d4
7. e3 dxe3 8. Bxe3 Bd6 9. Nc3 Nge7 10. Ne4 b6 11. b4 cxb4
12. d4 Bf5 13. dxe5 Bxe4 14. exd6 Nf5 15. Bf4 O-O 16. Re1 Bxf3
17. Qxf3 Nfd4 18. Qd5+ Kh8 19. Be3 Nc2 20. Qxc6 Rc8 21. Qd5
Qd7 22. Be4 Nxa1 23. Bf5 Qa4 24. Bxc8 Nc2 25. d7 Rd8 26. Re2
Qxa2 27. Bc1 Qa4 28. Qf7 1-0

[Event "FIDE World Blitz Championship"]
[Site "Dubai UAE"]
[Date "2014.06.19"]
[EventDate "2014.06.19"]
[Round "8.19"]
[Result "1/2-1/2"]
[White "Alexander Grischuk"]
[Black "Arkadij Naiditsch"]
[WhiteElo "2792"]
[BlackElo "2705"]
[PlyCount "112"]

1. e4 e5 2. Bc4 Nf6 3. d3 Nc6 4. Nc3 Bb4 5. Nf3 d6 6. O-O Bxc3
7. bxc3 O-O 8. Bg5 Na5 9. Bb3 h6 10. Bh4 c5 11. Nd2 g5 12. Bg3
Qe7 13. Re1 Bg4 14. f3 Be6 15. Bxe6 fxe6 16. d4 cxd4 17. cxd4
Nc6 18. Nc4 Nxd4 19. c3 Rac8 20. Nxe5 dxe5 21. cxd4 exd4
22. Qxd4 Rfd8 23. Qxa7 Rc2 24. Rac1 Rdc8 25. Qe3 Nh5 26. Be5
Qb4 27. Rxc2 Rxc2 28. Rc1 Qc4 29. Rxc2 Qxc2 30. h4 Qxa2
31. hxg5 Qa5 32. Bc3 Qxg5 33. Qxg5+ hxg5 34. Bd2 g4 35. Kf2
gxf3 36. Kxf3 Kf7 37. g4 Nf6 38. Kf4 Nd7 39. Bc3 Kg6 40. Bb4
b5 41. Bc3 Kf7 42. Bb4 Nb8 43. Bc3 Nc6 44. Kg5 b4 45. Ba1 b3
46. Kh6 Ne7 47. Kg5 Ng6 48. Kh6 Nh4 49. g5 Ng6 50. Kh7 Nf4
51. Kh6 Kg8 52. g6 Nd3 53. Kg5 b2 54. Bxb2 Nxb2 55. Kf6 Nd3
56. Kxe6 Kg7 1/2-1/2

[Event "FIDE World Blitz Championship"]
[Site "Dubai UAE"]
[Date "2014.06.19"]
[EventDate "2014.06.19"]
[Round "9.19"]
[Result "0-1"]
[White "Arkadij Naiditsch"]
[Black "Rauf Mamedov"]
[WhiteElo "2705"]
[BlackElo "2659"]
[PlyCount "80"]

1. d4 d6 2. e4 e5 3. Nf3 exd4 4. Qxd4 Bd7 5. Bg5 Nf6 6. Bxf6
gxf6 7. Nc3 Nc6 8. Qd2 h5 9. Nd5 Ne5 10. Nd4 c6 11. Ne3 Bh6
12. Qc3 Qb6 13. Ndf5 Bxf5 14. Nxf5 Ng4 15. Qd4 c5 16. Qa4+ Kf8
17. Be2 d5 18. Qd7 Qe6 19. Qxd5 Qxd5 20. exd5 Re8 21. h3 Ne5
22. O-O Rd8 23. d6 h4 24. Rad1 Bf4 25. c3 Rg8 26. b4 Rg5
27. Nxh4 cxb4 28. cxb4 Nc6 29. b5 Nb4 30. d7 Nxa2 31. Bg4 Rxb5
32. Rfe1 Be5 33. Rd3 Nb4 34. Rb3 a5 35. Nf3 a4 36. Ra3 Ra5
37. Nd2 Nc2 38. Nc4 Rc5 39. Rxe5 Rxc4 40. Re8+ Rxe8 0-1

[Event "FIDE World Blitz Championship"]
[Site "Dubai UAE"]
[Date "2014.06.19"]
[EventDate "2014.06.19"]
[Round "1.51"]
[Result "1-0"]
[White "Arkadij Naiditsch"]
[Black "Abdulla Kashwani Faisal"]
[WhiteElo "2705"]
[BlackElo "2270"]
[PlyCount "151"]

1. e4 c5 2. Nf3 e6 3. g3 d5 4. exd5 Qxd5 5. Bg2 Nf6 6. Nc3 Qd8
7. O-O Nc6 8. d3 Be7 9. Re1 O-O 10. Bd2 Bd7 11. Ne4 Nxe4
12. dxe4 Nd4 13. Ne5 Be8 14. c3 Nc6 15. Nc4 b5 16. Na3 a6
17. e5 Qc7 18. Bf4 c4 19. Nc2 Rd8 20. Qg4 Kh8 21. h4 Bc5
22. h5 h6 23. Qh4 Ne7 24. g4 Bc6 25. Ne3 Bxg2 26. Nxg2 Ng8
27. Rad1 Be7 28. Qg3 Rxd1 29. Rxd1 Rd8 30. Qf3 Rd7 31. Ne3 Bg5
32. Bxg5 hxg5 33. Rxd7 Qxd7 34. Kg2 Nh6 35. Qa8+ Kh7 36. Qxa6
Qd3 37. Qb7 Qe2 38. Qe4+ Kg8 39. b3 Qxa2 40. bxc4 bxc4
41. Nxc4 Qb3 42. Qd4 Qc2 43. Ne3 Qa2 44. Qd8+ Kh7 45. Qd3+ Kg8
46. Qe4 Qa7 47. c4 Qc5 48. Kg3 Kh8 49. f4 gxf4+ 50. Qxf4 Qc7
51. g5 Ng8 52. Qd4 Qb8 53. c5 Qc7 54. Qd6 Qa7 55. Qb6 Qa3
56. c6 Ne7 57. c7 Nf5+ 58. Kf3 Qc3 59. g6 Nh4+ 60. Kg4 fxg6
61. hxg6 Nxg6 62. Qb8+ Kh7 63. c8=Q Nxe5+ 64. Kg3 Qxe3+
65. Kg2 Qf3+ 66. Kg1 Qe3+ 67. Kf1 Qf3+ 68. Ke1 Qe3+ 69. Kd1
Qd3+ 70. Kc1 Qa3+ 71. Kb1 Nd3 72. Qc2 e5 73. Qbb3 Qxb3+
74. Qxb3 e4 75. Qe6 Nc5 76. Qf5+ 1-0

[Event "FIDE World Blitz Championship"]
[Site "Dubai UAE"]
[Date "2014.06.19"]
[EventDate "2014.06.19"]
[Round "5.38"]
[Result "1-0"]
[White "Arkadij Naiditsch"]
[Black "Vladislav Kovalev"]
[WhiteElo "2705"]
[BlackElo "2554"]
[PlyCount "109"]

1. e4 e5 2. Nf3 Nc6 3. Bb5 a6 4. Bxc6 dxc6 5. O-O Ne7 6. Nxe5
Qd4 7. Qh5 g6 8. Nf3 Qxe4 9. Nc3 Qf5 10. Qh4 Bg7 11. d3 Qg4
12. Qg5 Qxg5 13. Bxg5 Be6 14. Ne4 h6 15. Bf6 Bxf6 16. Nxf6+
Kf8 17. Nd4 Kg7 18. Ne4 Bd5 19. Rfe1 b6 20. Nc3 Rhe8 21. Re3
c5 22. Nb3 Bc6 23. d4 cxd4 24. Nxd4 Bd7 25. Rae1 Nc6 26. Nxc6
Bxc6 27. Rxe8 Bxe8 28. Nd5 Rc8 29. h4 Bc6 30. Ne7 Re8 31. Re3
Bd7 32. Nd5 Rxe3 33. fxe3 Be6 34. Nxc7 Bxa2 35. Nxa6 Bc4
36. Nc7 f5 37. b3 Bf7 38. Na8 b5 39. Nc7 Kf6 40. Nxb5 Ke5
41. Kf2 Be8 42. Nc3 Bc6 43. g3 Kd6 44. Ne2 Be4 45. c3 Ke5
46. Ke1 Bd5 47. c4 Bf7 48. Nc3 g5 49. hxg5 hxg5 50. Kd2 Kf6
51. Kd3 Kg6 52. b4 Kh5 53. b5 Bg6 54. Kd4 Be8 55. Nd5 1-0

[Event "FIDE World Blitz Championship"]
[Site "Dubai UAE"]
[Date "2014.06.19"]
[EventDate "2014.06.19"]
[Round "7.32"]
[Result "1-0"]
[White "Arkadij Naiditsch"]
[Black "Mohamad Naser Al Sayed"]
[WhiteElo "2705"]
[BlackElo "2505"]
[PlyCount "73"]

1. e4 d6 2. d4 Nf6 3. Nc3 e5 4. Nge2 c6 5. a4 a5 6. h3 Nbd7
7. g4 g6 8. Bg2 Bg7 9. O-O O-O 10. Be3 Qc7 11. Ng3 h6 12. Qd2
Kh7 13. Rad1 Re8 14. f4 Re7 15. g5 hxg5 16. fxg5 Ne8 17. d5
Kg8 18. h4 Nf8 19. h5 Bg4 20. Bf3 Bxf3 21. Rxf3 Qd7 22. Kg2
Qg4 23. Rh1 Rc8 24. dxc6 bxc6 25. Nd1 Qe6 26. Nf2 d5 27. Bc5
Rd7 28. Qe2 Nh7 29. Be3 Nd6 30. Rh4 d4 31. Bc1 c5 32. Ng4 c4
33. Qf1 d3 34. hxg6 fxg6 35. Qh1 Nf8 36. Nf6+ Bxf6 37. Rxf6
1-0

[Event "FIDE World Blitz Championship"]
[Site "Dubai UAE"]
[Date "2014.06.19"]
[EventDate "2014.06.19"]
[Round "11.38"]
[Result "1/2-1/2"]
[White "David Anton Guijarro"]
[Black "Arkadij Naiditsch"]
[WhiteElo "2631"]
[BlackElo "2705"]
[PlyCount "117"]

1. d4 Nf6 2. c4 e6 3. Nf3 Bb4+ 4. Nbd2 b6 5. a3 Bxd2+ 6. Qxd2
Bb7 7. e3 a5 8. b3 O-O 9. Be2 d5 10. cxd5 Bxd5 11. Qc2 Nbd7
12. Bb2 c5 13. O-O Rc8 14. Qd1 Qe7 15. a4 Rfd8 16. Ba6 Ra8
17. Bb5 cxd4 18. Nxd4 Nc5 19. Ba3 e5 20. Nf3 Qe6 21. Bxc5 bxc5
22. Nd2 Bxg2 23. Kxg2 Ne4 24. Nxe4 Rxd1 25. Rfxd1 h5 26. Be2
Qg6+ 27. Ng3 h4 28. Bc4 hxg3 29. hxg3 Rf8 30. Rd2 Qe4+ 31. Kg1
g6 32. Rad1 Kg7 33. Rd7 Kh6 34. Rxf7 Rxf7 35. Bxf7 Qf3 36. Rd7
Qf5 37. Ra7 Kg5 38. Bc4 Qb1+ 39. Kg2 Qe4+ 40. Kg1 Kg4 41. Rf7
Kg5 42. Kh2 Qc2 43. Kg2 Qe4+ 44. Kg1 Qc2 45. Kg2 Qb1 46. Rf8
Qe4+ 47. Kg1 Qc6 48. Rf7 Kg4 49. Be2+ Kg5 50. Bc4 Qd6 51. Kg2
Qd2 52. Kg1 Kg4 53. Be6+ Kg5 54. Bc4 Qc2 55. Kg2 Kg4 56. Be6+
Kg5 57. Bc4 Kg4 58. Be6+ Kg5 59. Bc4 1/2-1/2

[Event "FIDE World Blitz Championship"]
[Site "Dubai UAE"]
[Date "2014.06.20"]
[EventDate "2014.06.19"]
[Round "12.36"]
[Result "0-1"]
[White "Mateusz Bartel"]
[Black "Arkadij Naiditsch"]
[WhiteElo "2641"]
[BlackElo "2705"]
[PlyCount "106"]

1. e4 c5 2. Nf3 Nc6 3. Bb5 d6 4. O-O Bd7 5. c3 a6 6. Bd3 Nf6
7. Bc2 Rc8 8. Re1 e5 9. h3 Be7 10. d3 O-O 11. Nbd2 b5 12. Nf1
Re8 13. Ne3 h6 14. a3 Bf8 15. Bd2 a5 16. a4 b4 17. Bb3 Be6
18. Bd5 Bxd5 19. exd5 Ne7 20. c4 Qd7 21. Nh4 g5 22. Nf3 Nf5
23. Ng4 Bg7 24. b3 Nh5 25. g3 Nf6 26. Kg2 Nh7 27. Ra2 Nd4
28. Nxd4 cxd4 29. Bc1 f5 30. Nh2 Nf6 31. Rae2 Re7 32. f4 gxf4
33. gxf4 e4 34. dxe4 Nxe4 35. Nf3 Qe8 36. Kh2 Qh5 37. Nxd4 Kh7
38. Rg2 Qxd1 39. Rxd1 Bxd4 40. Rxd4 Nc5 41. Bb2 Rg8 42. Rdd2
Rxg2+ 43. Rxg2 Nxb3 44. Bf6 Rb7 45. h4 Nc5 46. h5 b3 47. Re2
Ne4 48. Bb2 Kg8 49. Rg2+ Kf8 50. Rg6 Rc7 51. Rg2 Rxc4 52. Bg7+
Kf7 53. Bxh6 Rc2 0-1

[Event "FIDE World Blitz Championship"]
[Site "Dubai UAE"]
[Date "2014.06.20"]
[EventDate "2014.06.19"]
[Round "13.30"]
[Result "0-1"]
[White "Arkadij Naiditsch"]
[Black "Markus Ragger"]
[WhiteElo "2705"]
[BlackElo "2632"]
[PlyCount "84"]

1. b3 e5 2. Bb2 Nc6 3. e3 Nf6 4. Ne2 d5 5. d4 Bd6 6. Nd2 exd4
7. Nxd4 Nxd4 8. Bxd4 c5 9. Bb5+ Kf8 10. Bb2 Bg4 11. Be2 Bxe2
12. Qxe2 Qe7 13. O-O-O Be5 14. Nf3 Bxb2+ 15. Kxb2 g6 16. c4
dxc4 17. Qxc4 Kg7 18. Qc3 Rhd8 19. Ne5 Ne4 20. Rxd8 Nxc3
21. Rxa8 Qxe5 22. Kc2 Nxa2 23. Kd3 Nb4+ 24. Ke2 Qb2+ 25. Kf3
Qxb3 26. h4 c4 27. h5 gxh5 28. Rd8 c3 29. Rxh5 c2 30. Rg5+ Kf6
31. Rc5 Nd3 32. Rcd5 Qxd5+ 33. Rxd5 Ne1+ 34. Ke2 c1=Q 35. Rd7
Nc2 36. Rxb7 Qe1+ 37. Kf3 Qd1+ 38. Kg3 Qd6+ 39. f4 a5 40. e4
Qd3+ 41. Kg4 Ne3+ 42. Kh5 Qxe4 0-1

[Event "FIDE World Blitz Championship"]
[Site "Dubai UAE"]
[Date "2014.06.20"]
[EventDate "2014.06.19"]
[Round "14.35"]
[Result "1-0"]
[White "Pavel Maletin"]
[Black "Arkadij Naiditsch"]
[WhiteElo "2588"]
[BlackElo "2705"]
[PlyCount "55"]

1. c4 Nf6 2. g3 e5 3. Bg2 Nc6 4. Nc3 Bb4 5. Nf3 d6 6. O-O O-O
7. d3 h6 8. Nd5 Bc5 9. e3 a6 10. b3 Bg4 11. h3 Be6 12. d4 exd4
13. exd4 Ba7 14. Nxc7 Qxc7 15. d5 Bxd5 16. cxd5 Nb4 17. Bb2
Nbxd5 18. Nh4 Qa5 19. Nf5 Nc3 20. Qf3 Rac8 21. Ne7+ Kh8
22. Nxc8 Rxc8 23. Rac1 Bd4 24. Rfd1 Be5 25. Bxc3 Bxc3 26. Rd3
Re8 27. Rdxc3 Qxa2 28. Rc8 1-0

[Event "FIDE World Blitz Championship"]
[Site "Dubai UAE"]
[Date "2014.06.20"]
[EventDate "2014.06.19"]
[Round "15.43"]
[Result "1-0"]
[White "Arkadij Naiditsch"]
[Black "Peter Michalik"]
[WhiteElo "2705"]
[BlackElo "2557"]
[PlyCount "85"]

1. b3 a5 2. c4 e6 3. Nc3 Nf6 4. Bb2 d5 5. e3 Be7 6. Nf3 O-O
7. d4 b6 8. Bd3 Bb7 9. O-O Nbd7 10. cxd5 exd5 11. Rc1 Rc8
12. Ne5 Nxe5 13. dxe5 Ne4 14. Bxe4 dxe4 15. Qg4 f5 16. Qe2 Qd3
17. Qh5 Qd2 18. Ba1 Qd7 19. Rfd1 Qe6 20. Nb5 c5 21. Nd6 Rb8
22. Qe2 Rfd8 23. Qb2 Rd7 24. Rd2 Ba6 25. Nxf5 Qxf5 26. Rxd7
Qxd7 27. e6 Bf6 28. Qxf6 gxf6 29. exd7 Kf7 30. Rd1 Bd3 31. f3
f5 32. g4 b5 33. gxf5 c4 34. fxe4 Ke7 35. Kf2 Rg8 36. Kf3 Kxd7
37. e5 Kc6 38. e4 a4 39. bxa4 b4 40. e6 Bc2 41. Rd4 Kc5 42. e7
Re8 43. f6 1-0

[Event "FIDE World Blitz Championship"]
[Site "Dubai UAE"]
[Date "2014.06.20"]
[EventDate "2014.06.19"]
[Round "17.40"]
[Result "1-0"]
[White "Tahir Vakhidov"]
[Black "Arkadij Naiditsch"]
[WhiteElo "2446"]
[BlackElo "2705"]
[PlyCount "159"]

1. c4 e5 2. Nc3 Nf6 3. Nf3 Nc6 4. d4 exd4 5. Nxd4 Bb4 6. Bg5
h6 7. Bh4 d6 8. Rc1 g5 9. Bg3 Bd7 10. a3 Nxd4 11. axb4 Nf5
12. e4 Nxg3 13. hxg3 Qe7 14. Be2 a5 15. bxa5 Rxa5 16. Qd4 Qe5
17. Qxe5+ dxe5 18. f3 Ke7 19. Kf2 c6 20. Ra1 Rxa1 21. Rxa1 Kd6
22. Ra7 Kc7 23. c5 h5 24. Na4 Bc8 25. Nb6 Nd7 26. Nxd7 Bxd7
27. Bc4 f6 28. Ra1 h4 29. gxh4 Rxh4 30. b3 Rh8 31. Rd1 g4
32. fxg4 Bxg4 33. Rd6 Rf8 34. Be6 Bh5 35. Rd7+ Kb8 36. g4 Bg6
37. Bf5 Bf7 38. b4 Ka7 39. Kg3 Ka6 40. g5 fxg5 41. Kg4 Bc4
42. Kxg5 Rb8 43. Re7 Kb5 44. Rxe5 Kxb4 45. Kf4 Ba6 46. Bg4
Rf8+ 47. Ke3 Rg8 48. Kf4 Rf8+ 49. Ke3 Rf1 50. Bc8 Rb1 51. Rh5
Kc4 52. Kf4 Kd4 53. Rh7 Kxc5 54. e5 Rb4+ 55. Kg5 Re4 56. Kf6
Rf4+ 57. Kg5 Re4 58. Kf6 Kb6 59. e6 Re1 60. e7 c5 61. Be6 Bb5
62. Rh2 Bc6 63. Rc2 Re3 64. Rc1 Be8 65. Rc2 Kc6 66. Rd2 Kc7
67. Rd8 Bb5 68. e8=Q Bxe8 69. Rxe8 b5 70. Rc8+ Kb6 71. Bd7 Ka5
72. Ra8+ Kb6 73. Rc8 Rb3 74. Ke5 c4 75. Be6 Rb4 76. Kd4 Ra4
77. Bf5 Ka5 78. Bc2 Ra3 79. Kc5 Ka6 80. Ra8+ 1-0